00394nam a2200121Ia 4500008004100000024003000041082001900071100003600090245006200126260002500188600002100213650003800234250506s9999 xx 000 0 und d a10B-71-BS & 10B-54-BS a004.165072 ABD aAbdul Baqui Khan & Rahid Sajjad 0aProblems of Objects Collision in Android Game Programming aKarachi:bUIT,c2010 aComputer Science aBachelor of Computer Science (BS)